000 00471nam a2200157Ia 4500
003 OSt
005 20200707150746.0
008 190216s9999||||xx |||||||||||||| ||und||
040 _coclc
082 _a951
_bNAI/C
100 _aNair, S K Radhakrishnan
_93633
245 0 _aChina Noottandukaliloote /
_cS K Radhakrishnan Nair
260 _bKerala Bhasha Institute,
_c1983.
_aTrivandrum:
300 _a622p
942 _cBK
_2ddc
_h951
_iNAI/C
_k951
_mNAI/C
999 _c40366
_d40366